Átdolgozott földrajztankönyv a kisegítő általános iskola 8. osztálya számára

Elmentve itt :
Bibliográfiai részletek
Szerző: K. Gy
További közreműködők: Tölgyszéky Papp Gyuláné
Dokumentumtípus: Cikk
Megjelent: 1993
Sorozat:Iskolakultúra 3 No. 17
Kulcsszavak:Földrajz - általános iskola - tankönyv - könyvismertetés
Online Access:http://misc.bibl.u-szeged.hu/43844
LEADER 00702nab a2200193 i 4500
001 misc43844
005 20191106141231.0
008 180910s1993 hu o 0|| zxx d
022 |a 1215-5233 
040 |a SZTE Miscellanea Repozitórium  |b hun 
041 |a zxx 
100 1 |a K. Gy. 
245 1 0 |a Átdolgozott földrajztankönyv a kisegítő általános iskola 8. osztálya számára  |h [elektronikus dokumentum] /  |c  K. Gy. 
260 |c 1993 
300 |a 69 
490 0 |a Iskolakultúra  |v 3 No. 17 
695 |a Földrajz - általános iskola - tankönyv - könyvismertetés 
700 0 2 |a Tölgyszéky Papp Gyuláné 
856 4 0 |u http://misc.bibl.u-szeged.hu/43844/1/iskolakultura_1993_017_069.pdf  |z Dokumentum-elérés